|
|
|
|
| LEADER |
01628nam a2200421 a 4500 |
| 001 |
mzk03001079078 |
| 003 |
CZ BrMZK |
| 005 |
20181201185250.0 |
| 007 |
ta |
| 008 |
100224s1517 it fr|||||00| ||grcod |
| 040 |
|
|
|a BOA001
|b cze
|
| 041 |
0 |
|
|a grc
|a lat
|
| 072 |
|
7 |
|a 094
|x Staré tisky
|2 Konspekt
|9 12
|
| 080 |
|
|
|a (0.068)094
|2 MRF
|
| 100 |
0 |
|
|a Oppianus Anazarbensis,
|d činný 211/212
|4 aut
|
| 245 |
1 |
0 |
|a Alieutikon Biblia Pente :
|b Tu Autu Kynegetikon Biblia Tessara. O ppiani de piscibus libri V. E iusdem de uenatione libri IIII. O ppiani de piscibus Laurentio Lippio interprete libri V. /
|c Oppianu
|
| 260 |
|
|
|a Venetiis :
|b in aedibvs Aldi et Andreae Soceri mense decembri,
|c 1517
|
| 300 |
|
|
|a 166, [1] listů ;
|c 8°
|
| 500 |
|
|
|a Výzdoba: Signet
|
| 546 |
|
|
|a Název tištěn latinsky a řecky
|
| 561 |
|
|
|a Provenience: Col. Caroli IV. [Praha]
|
| 563 |
|
|
|a Papírová vazba z počátku 19. století
|
| 655 |
|
7 |
|a staré tisky
|7 fd422076
|2 czenas
|
| 700 |
1 |
|
|a Lippi, Lorenzo,
|d 1606-1665
|7 mzk2016934991
|4 trl
|
| 700 |
1 |
|
|a Asulanus, Franciscus,
|d zemř. 1546
|4 com
|
| 740 |
0 |
2 |
|a Oppiani de piscibus libri V
|
| 740 |
0 |
2 |
|a Eiusdem de uenatione libri IIII
|
| 740 |
0 |
2 |
|a Oppiani de piscibus Laurentio Lippio interprete libri V
|
| 903 |
|
|
|a RP
|
| 910 |
|
|
|a BOA001
|b G-0000.218
|
| 978 |
|
|
|b Manuzio, Aldo I. - dědici
|a Venezia
|c 1517
|
| 978 |
|
|
|b Torresano, Andreo st.
|a Venezia
|c 1517
|
| 984 |
|
|
|a Benátky
|b Itálie
|
| 985 |
|
|
|a 1501-1550
|
| 990 |
|
|
|a BK
|
| 993 |
|
|
|a Y
|
| 991 |
|
|
|k mzk
|
| 996 |
6 |
|
|b 2610420605
|c G-0000.218
|l stud. ST
|r Sklad / do násl. otevíracího dne
|n 0
|w 001112188
|u 000010
|a 1
|e BOA001
|s P
|